000 00435nam a2200169Ia 4500
005 20250423100225.0
008 250422s9999 xx 000 0 und d
020 _a1930513038
050 _aRC 633 .446/
245 0 _aMKSAP 12 : medical knowledge self-assessment program: hematology
260 _aNew York
260 _bAmerican College of Physicians
260 _c2001
300 _a130 p
650 _aHematology
942 _cBK
999 _c32651
_d32651